|
|
|
|
| LEADER |
01032nam a2200265 a 4500 |
| 001 |
335071 |
| 005 |
19910503172048.2 |
| 008 |
090713r19781969enk b 001 0 eng d |
| 010 |
|
|
|a \\\75444368
|
| 020 |
|
|
|a 0333060032
|
| 020 |
|
|
|a 0333034414
|
| 040 |
|
|
|a DLC
|c DLC
|d DLC
|
| 082 |
0 |
0 |
|a 822.3/3
|2 17
|
| 100 |
1 |
|
|a Kermode, Frank,
|d 1919-
|
| 245 |
1 |
0 |
|a Shakespeare :
|b King Lear: a casebook /
|c edited by Frank Kermode.
|
| 260 |
|
|
|a London,
|b Macmillan,
|c 1969 [reprinted 1978]
|
| 300 |
|
|
|a 304 p.
|c 21 cm.
|
| 490 |
0 |
|
|a Casebook series
|
| 504 |
|
|
|a Includes bibliographical references (p. 293-294) and index.
|
| 541 |
1 |
|
|e 00009316
|
| 600 |
1 |
0 |
|a Shakespeare, William,
|d 1564-1616.
|t King Lear.
|
| 650 |
|
0 |
|a Lear, King (Legendary character) in literature.
|
| 852 |
4 |
|
|a Ayesha Abed Library
|j General shelf
|
| 999 |
|
|
|c 2366
|d 2366
|
| 952 |
|
|
|0 0
|1 0
|2 ddc
|4 1
|6 822_300000000000000_3_KER
|7 0
|9 2188
|a BRACUL
|b BRACUL
|c SPS
|d 2009-07-13
|g 0.00
|l 1
|o 822.33 KER
|p 3010009316
|r 2015-03-12
|s 2015-03-07
|t 1
|w 2009-07-13
|y BK
|x No price found in the accession register.
|